000 00675nam a2200241 i 4500
001 C2-0273808
003 PPAK
005 20180728003053.0
008 060911s2005 enka|||| ||||| | eng d
020 _a0862887852
040 _aPPAK
_beng
_cPPAK
_erda
082 0 4 _a641.5638
_223
090 0 0 _a641.5638
_bCHA
_dR
100 1 _aChan, Wynnie,
_eauthor
245 1 0 _aGood carb, bad carb for healthy lifestyle
264 1 _aLondon :
_bGreenwich Editions ,
_c2005
300 _a160 pages :
_bcolour illustrations ;
_c23 cm
336 _2rdacontent
_atext
337 _2rdamedia
_aunmediated
338 _2rdacarrier
_avolume
650 1 0 _aReducing diets.
942 _ddc
_cB
999 _c81692
_d81692